Hagamos el amor /

Saved in:
Bibliografiske detaljer
Hovedforfatter: Armendariz, Joaquin (Author)
Format: Bog
Sprog:spansk
Udgivet: Barcelona : Instituto Lambda, [1977?]
Serier:Temas monograficos de sexologia ; 3
Tags: Tilføj Tag
Ingen Tags, Vær først til at tagge denne postø!

MARC

LEADER 00000nam a22000007i 4500
001 IT\ICCU\UBO\3546121
003 ItRI
005 20260115231843.0
008 081218s1977 sp |||||| ||||| |||||c
020 |a 8440042019 
040 |b ita  |c importazione bologna sebina 
041 7 |a spa  |2 ISO-639-2 
100 1 |a Armendariz, Joaquin  |0 IT\ICCU\UBOV\297561  |4 aut 
245 1 0 |a Hagamos el amor /  |c Joaquin Armendariz. 
260 |a Barcelona :  |b Instituto Lambda,  |c [1977?] 
300 |a 34 p. ;  |c 21 cm. 
830 0 |a Temas monograficos de sexologia ;  |v 3  |0 IT\ICCU\UBO\3546115 
942 |2 ddc  |c BK  |n 0 
952 |0 0  |1 0  |4 0  |6 DOC_613_950000000000000_ARM  |7 0  |9 14332  |a BO  |b BO  |d 2026-01-15  |i 1574  |l 0  |o DOC 613.95 ARM  |p BO1574  |r 2026-01-15 23:18:43  |w 2026-01-15  |x [Sebina 7] [1 v.]  |y BK  |z 1 v. 
999 |c 12369  |d 12369